Suburbs of U.S. Cities Quiz - Statistics

General Stats
  • This quiz has been taken 944 times
  • The average score is 19 of 25
Answer Stats
Hint Answer % Correct
Hempstead, New Rochelle, White Plains, Yonkers New York
96%
Anaheim, Burbank, Long Beach, Santa Ana Los Angeles
94%
Cambridge, Needham, Newton, Quincy Boston
92%
Arlington, Frisco, Garland, Plano Dallas
92%
Chandler, Gilbert, Mesa, Tempe Phoenix
91%
Brandon, Clearwater, Saint Petersburg, Town 'n' Country Tampa
91%
Alexandria, Arlington, Fairfax, Silver Spring Washington
91%
Coral Gables, Doral. Hialeah, Miramar Miami
88%
Bellevue, Kent, Kirkland, Tacoma Seattle
88%
Dearborn, Novi, Sterling Heights, Warren Detroit
85%
Enterprise, Henderson, Paradise, Spring Valley Las Vegas
84%
Aurora, Centennial, Thornton, Westminster Denver
82%
Conroe, Pasadena, Pearland, Sugarland Houston
75%
Alpharetta, Lawrenceville, Marietta, Sandy Springs Atlanta
74%
Brentwood, Franklin, Goodlettsville, Murfreesboro Nashville
71%
Cranston, Pawtucket, Warwick, Woonsocket Providence
71%
Millcreek, Sandy, South Jordan, West Valley City Salt Lake City
69%
Camden, Chester, Levittown, Norristown Philadelphia
65%
Caldwell, Garden City, Meridian, Nampa Boise
55%
Elyria, Parma, Shaker Heights, Westlake Cleveland
55%
Belleville, Chesterfield, O'Fallon, Saint Charles Saint Louis
52%
Cedar Park, Georgetown, Kyle, Round Rock Austin
51%
Carmel, Fishers, Greenwood, Lawrence Indianapolis
50%
Chalmette, Marrero, Metairie, Slidell New Orleans
49%
Concord, Gastonia, Huntersville, Mooresville Charlotte
41%
No matching quizzes found
Score Distribution
Percent of People with Each Score
Percentile by Number Answered
Your Score History
You have not taken this quiz